Stolice danego Wojewódstwa w Polsce - Statystyki

Ogólne statystyki
  • Ten quiz został rozwiązany 49 razy
  • Średni wynik to 12 z 16
Statystyki odpowiedzi
Wojewódstwa: Odpowiedzi: % Poprawnych
Pomorskie Gdańsk
88%
Mazowieckie Warszawa
88%
Łódzkie Łódź
85%
Dolnośląskie Wrocław
85%
Małopolskie Kraków
83%
Lubelskie Lublin
83%
Opolskie Opole
83%
Warmińsko-Mazurskie Olsztyn
80%
Wielkopolskie Poznań
80%
Zachodnio-Pomorskie Szczecin
78%
Podlaskie Białystok
73%
Śląskie Katowice
73%
Świętokrzyskie Kielce
73%
Podkarpackie Rzeszów
65%
Lubuskie Zielona Góra i Gorzów Wielkopolski
20%
Kujawsko-Pomorskie Bydgoszcz i Toruń
18%
Nie znaleziono quizów pasujących do podanych kryteriów
Rozkład punktacji
Procent ludzi z każdym wynikiem
Percentyl według liczby udzielonych odpowiedzi
Twoja historia wyników
Nie rozwiązałeś tego quizu